A város szelleme. Selmeczi Gyöggyel beszélget Visky András
Elmentve itt :
| Szerző: | |
|---|---|
| Adatforrás: | Meister |
| Forrásdokumentuma: | Helikon. - 1 sz., 1993, 22-23 p. |
| Nyelv: | magyar |
| Kulcsszavak: | politikai interjú Kolozsvár SELMECZI György |
| LEADER | 00415nab a2200145 i 4500 | ||
|---|---|---|---|
| 001 | bibPRO00007494 | ||
| 008 | 060524s1993 xx hun | ||
| 040 | |a Sz1 | ||
| 041 | |a hun | ||
| 100 | 1 | |a VISKY András | |
| 245 | 1 | 2 | |a A város szelleme. Selmeczi Gyöggyel beszélget Visky András |c VISKY András |
| 695 | |a politikai interjú | ||
| 695 | |a Kolozsvár | ||
| 695 | |a SELMECZI György | ||
| 773 | 0 | |t Helikon. - |g 1 sz., 1993, 22-23 p. | |